| 000 | 00910cam a22002653a 4500 | ||
|---|---|---|---|
| 001 | 814 | ||
| 003 | PGUSA | ||
| 005 | 20140828082953.0 | ||
| 008 | 970201s1997||||xxu|||||s|||||000 e eng d | ||
| 040 |
_aPGUSA _beng |
||
| 042 | _adc | ||
| 050 | 4 | _aPR | |
| 050 | 4 | _aSK | |
| 100 | 1 |
_aTrollope, Anthony, _d1815-1882 |
|
| 245 | 1 | 0 |
_aHunting Sketches _h[electronic resource] / _cAnthony Trollope |
| 260 |
_bProject Gutenberg, _c1997 |
||
| 505 | 0 | _aThe man who hunts and doesn't like it -- The man who hunts and does like it -- The lady who rides to hounds -- The hunting farmer -- The man who hunts and never jumps -- The hunting parson -- The master of hounds -- How to ride to hounds. | |
| 506 | _aPublic domain in the USA. | ||
| 516 | _aElectronic text | ||
| 653 | _aFox hunting | ||
| 653 | _aEssays | ||
| 830 | 0 |
_aProject Gutenberg _v814 |
|
| 856 | 4 | 0 | _uhttp://www.gutenberg.org/ebooks/814 |
| 942 | _cEB | ||
| 999 |
_c230165 _d230165 |
||